000
00246nam a2200097Ia 4500
001
790323
005
20250826170549.0
008
250824s9999 xx 000 0 und d
245
0
_a
BARAJ
_c
Yazar Adı Belirtilmemiş
260
_b
ATLI KARINCA YAYINLARI
999
_c
790323
_d
790323